| 000 | 00812cab a2200253 4500 | ||
|---|---|---|---|
| 001 | ABS50635 | ||
| 008 | 090401t1994 xxu||||| |||| 00| 0 eng d | ||
| 035 | _a(Sirsi) u76779 | ||
| 041 | _aeng | ||
| 100 | _aPatel, K. | ||
| 245 | _aIs a boom on its way? | ||
| 260 | _c1994 | ||
| 350 | _a0 | ||
| 490 |
_aEstates Gazette _v(9419) 14 May 1994, 120-122(3) |
||
| 520 | _aCorrallates development activity with the strength of property market performance, and of residual land values, to predict a boom of a similar nature to that of the mid 1970s. | ||
| 650 | _aDEVELOPMENT VIABILITY | ||
| 650 | _aFORECASTS | ||
| 650 | _aINDICATORS | ||
| 650 | _aRESIDUAL LAND VALUES | ||
| 690 | _aPROPERTY-COMMERCIAL PROPERTY-COMMERCIAL PROPERTY MARKET | ||
| 690 | _aDEVELOPMENT | ||
| 942 | _n0 | ||
| 948 | _c04/03/1997 | ||
| 999 |
_c48239 _d48239 |
||